L'Ain en images - Statistiques

Statistiques générales
  • Ce quiz a été pris 279 fois
  • Le résultat moyen est 7 sur 18
Statistiques - réponses
Par images Hint Réponse % Correct
Grande ville Bourg-en-Bresse
92%
Lac Lac de Nantua
72%
Parc animalier Parc des oiseaux
70%
Le plateau et étangs La Dombes
65%
Grotte Grotte du Cerdon
46%
Athlète Christophe Lemaitre
45%
Mémorial Maison d'Izieu
44%
Région naturelle Pays de Gex
42%
Fromage Le bleu de Gex
39%
Ville Citées médiévales de Pérouges
37%
Ancien nom Département de Bresse
36%
Parc Grand Parc Miribel Jonage
27%
Point culminant Crêt de la Neige
23%
Communauté de communes Plaine de l'Ain
23%
Château fort Château des Allymes
21%
Viaduc Viaduc de Cize-bolozon
15%
Footballeur Boulaye Dia
11%
Court métrage Ars
9%
Aucun quiz correspondant
Distribution des résultats
% des personnes avec chaque résultat
Percentile par nombre de réponses
Votre historique - résultats
Vous n’avez pas pris ce quiz